书目信息 |
| 题名: |
委婉语
|
|
| 作者: | 张宇平 姜艳萍 于年湖 | |
| 分册: | ||
| 出版信息: | 北京 新华出版社 1998 |
|
| 页数: | 185页 | |
| 开本: | 20cm | |
| 丛书名: | ||
| 单 册: | ||
| 中图分类: | H034 | |
| 科图分类: | ||
| 主题词: | 语义学 , 词汇学 | |
| 电子资源: | ||
| ISBN: | 7-5011-3891-5 | |
| 000 | 00577nam0 2200193 450 | |
| 001 | 0728815141 | |
| 005 | 20070819080015.14 | |
| 010 | @a7-5011-3891-5@d¥9.80 | |
| 100 | @a20070819d km y0chiy0120 ea | |
| 101 | 0 | @achi |
| 200 | 1 | @a委婉语@Awei wan yu@f张宇平 姜艳萍 于年湖@Fzhang yu ping jiang yan ping yu nian hu |
| 210 | @a北京@c新华出版社@d1998 | |
| 215 | @a185页@d20cm | |
| 606 | 0 | @a语义学 |
| 606 | 0 | @a词汇学 |
| 690 | @aH034@v3 | |
| 701 | 0 | @a张宇平 姜艳萍 于年湖@Azhang yu ping jiang yan ping yu nian hu |
| 801 | 0 | @aCN@bPFT@c20070819 |
| 905 | @a213230@dH034@eZW84@f1 | |
| 委婉语/张宇平 姜艳萍 于年湖.-北京:新华出版社,1998 |
| 185页;20cm |
| ISBN 7-5011-3891-5:¥9.80 |
| ● |
| 相关链接 |
|
|
|
|
正题名:委婉语
索取号:H034/ZW84
 
预约/预借
| 序号 | 登录号 | 条形码 | 馆藏地/架位号 | 状态 | 备注 |
| 1 | 7615059 | 276150594 | 密集书库-文学院/ [索取号:H034/ZW84] | 在馆 |